[Event "63rd TCh-BUL GpA 2013"]
[Site "Sunny Beach BUL"]
[Date "2013.09.24"]
[Round "6.4"]
[White "Dobrev,Nay"]
[Black "Janev,T"]
[Result "1/2-1/2"]
[WhiteElo "2311"]
[BlackElo "2424"]

1.Nf3 d5 2.g3 Nf6 3.d3 Bg4 4.Bg2 c6 5.b3 Nbd7 6.Bb2 e6 7.Nbd2 a5 8.a4 Bc5
9.O-O O-O 10.e4 dxe4 11.dxe4 b5 12.h3 Bh5 13.Qe2 bxa4 14.Rxa4 Nb6 15.Raa1 a4
16.e5 a3 17.exf6 axb2 18.Rxa8 Qxa8 19.Qe5 Qa5 20.Ne4 Bxf3 21.Nxc5 gxf6 22.Qxb2 Bxg2
23.b4 Qb5 24.Kxg2 f5 25.Rd1 Nd5 26.Rd4 Qe2 27.Qc1 f4 28.Rxf4 Nxf4+ 29.Qxf4 Qxc2
30.Nd7 Ra8 31.Nf6+ Kh8 32.Qd4 Qg6 33.g4 h6 34.h4 Kg7 35.Nh5+ Kg8 36.Nf6+ Kg7
37.Nh5+ Kg8 38.Nf6+  1/2-1/2

[Event "63rd TCh-BUL GpA 2013"]
[Site "Sunny Beach BUL"]
[Date "2013.09.24"]
[Round "6.3"]
[White "Milchev,N"]
[Black "Chatalbashev,B"]
[Result "1-0"]
[WhiteElo "2416"]
[BlackElo "2537"]

1.Nf3 d5 2.g3 c6 3.Bg2 Bg4 4.O-O Nd7 5.d4 e6 6.b3 Ngf6 7.c4 Be7 8.Bb2 O-O
9.Nc3 Qb6 10.cxd5 exd5 11.h3 Bxf3 12.Bxf3 Rfe8 13.Qd3 a5 14.Rab1 Bb4 15.Rfc1 Re6
16.a3 Bd6 17.e4 dxe4 18.Nxe4 Rae8 19.Nd2 Qd8 20.Kg2 Bb8 21.Qf5 g6 22.Qg5 Kg7
23.Nc4 b5 24.Ne5 h6 25.Qxh6+ Kxh6 26.Nxf7+ Kh7 27.Nxd8 Rxd8 28.Bxc6 Nb6 29.Bxb5 Nfd5
30.Re1 Rf6 31.Rbc1 Rdf8 32.f4 Rf5 33.a4 Nxf4+ 34.gxf4 Bxf4 35.Re7+ Kh6 36.Rce1 Nd5
37.Re8 Ne3+ 38.Kh1 Rxe8 39.Bxe8 Rg5 40.Rg1 Kh5 41.Rxg5+ Kxg5 42.Bc3 Nf5 43.Bxa5 Nxd4
44.Bd8+ Kf5 45.b4 g5 46.b5 Ke4 47.Bc6+ Kd3 48.Bd5 Kc3 49.Bf6 Bc7 50.Kg2 Bb6
51.Be7 Nf5 52.Bxg5 Kb4 53.Bc6 Kxa4 54.Kf3 Nd6 55.Be3 Bxe3 56.Kxe3 Ka5 57.Kf4 Kb6
58.h4  1-0

[Event "Baku Open 2013"]
[Site "Baku AZE"]
[Date "2013.09.25"]
[Round "7.3"]
[White "Pantsulaia,L"]
[Black "Solak,D"]
[Result "0-1"]
[WhiteElo "2596"]
[BlackElo "2615"]

1.Nf3 d5 2.g3 Nf6 3.Bg2 c6 4.c4 g6 5.b3 Bg7 6.Bb2 Bg4 7.O-O O-O 8.d4 Bxf3
9.Bxf3 Ne4 10.Bxe4 dxe4 11.Qc2 f5 12.Rd1 e6 13.Nc3 Nd7 14.b4 Nf6 15.Qb3 Qd7
16.a4 g5 17.b5 Qf7 18.f3 Rad8 19.Ba3 Rfe8 20.bxc6 bxc6 21.Rab1 Qh5 22.Kg2 g4
23.f4 Qh3+ 24.Kg1 Nh5 25.e3 Nxg3 26.hxg3 Qxg3+ 27.Kf1 Qxe3 28.Ne2 Qf3+ 29.Qxf3 gxf3
30.Ng3 Bxd4 31.Rb7 e3 32.Be7 Rb8 33.Rdb1 Rxb7 34.Rxb7 e5 35.fxe5 Bxe5 36.Ne2 Rb8
37.Rxb8+ Bxb8 38.a5 fxe2+ 39.Kxe2 Kf7 40.Bb4 a6 41.Kxe3 Ke6  0-1

[Event "FIDE GP Paris"]
[Site "Elancourt FRA"]
[Date "2013.09.25"]
[Round "4.1"]
[White "Wang Hao"]
[Black "Nakamura,Hi"]
[Result "1/2-1/2"]
[WhiteElo "2736"]
[BlackElo "2772"]

1.Nf3 d5 2.g3 Bg4 3.Bg2 c6 4.c4 e6 5.O-O Nd7 6.cxd5 exd5 7.d3 Ngf6 8.Nc3 Bd6
9.h3 Bxf3 10.Bxf3 d4 11.Ne4 Nxe4 12.dxe4 Bc5 13.b4 Bb6 14.Bb2 Ne5 15.Bg2 Nc4
16.Bc1 Qe7 17.Qb3 Nd6 18.a4 a6 19.Bf4 Nxe4 20.b5 cxb5 21.axb5 a5 22.Qd5 Nc3
23.Qxb7 Nxe2+ 24.Kh2 Qxb7 25.Bxb7 Rd8 26.Rae1 d3 27.Bf3 O-O 28.Bxe2 dxe2
29.Rxe2 Rd5 30.Rb1 g5 31.Be3 Bxe3 32.Rxe3 Rb8 33.b6 a4 34.b7 Rd7 35.Ra3 Rbxb7
36.Rxb7 Rxb7 37.Rxa4  1/2-1/2

[Event "52nd World Juniors 2013"]
[Site "Kocaeli TUR"]
[Date "2013.09.25"]
[Round "12.8"]
[White "Stukopin,A"]
[Black "Ali Marandi,C"]
[Result "1/2-1/2"]
[WhiteElo "2522"]
[BlackElo "2403"]

1.Nf3 d5 2.g3 Bg4 3.Bg2 Nd7 4.c4 e6 5.cxd5 exd5 6.O-O Ngf6 7.d3 c6 8.Qc2 Bc5
9.Nbd2 O-O 10.h3 Bh5 11.e4 dxe4 12.dxe4 Re8 13.Nh4 a5 14.Nf5 Bg6 15.Nb3 Bxf5
16.Nxc5 Bg6 17.Nxd7 Qxd7 18.f3 h6 19.Rd1 Qe6 20.Qb3 Qe7 21.Bf4 Red8 22.g4 Nh7
23.Be3 Nf8 24.Qc3 a4 25.a3 f6 26.Qb4 Qxb4 27.axb4 Rxd1+ 28.Rxd1 Bf7 29.f4 a3
30.bxa3 Rxa3 31.Kf2 Ra2+ 32.Kf3 Ng6 33.Rd8+ Kh7 34.Bf1 b5 35.Rd2 Ra4 36.Rd4 Ra2
37.Rd2 Ra4 38.Rd4 Ra2 39.Be2 Rb2 40.Bd2 Rb3+ 41.Bd3 Bc4 42.Ke2 Rxd3 43.Rxd3 Kg8
44.Ke3 Bxd3 45.Kxd3 Nf8 46.f5 Nd7 47.Kd4 Kf7 48.h4 Kg8 49.Bf4 Kf7 50.Bd2 Kg8
51.Bc1 Kf8 52.Bf4 Kf7 53.e5 fxe5+ 54.Bxe5 g6 55.fxg6+ Kxg6 56.Bf4 h5 57.g5 Kf5
58.Bc7 Kg6 59.Bg3 Kf5 60.Bf2 Nb8 61.Bg3 Nd7 62.Bd6 Ke6 63.Bh2 Kf5 64.Bg1 Nb8
65.Kc5 Na6+ 66.Kxc6 Nxb4+ 67.Kxb5 Nd3 68.Bh2 Ne1 69.Kc6 Nf3 70.Bg3 Nxg5 71.hxg5 Kxg5
72.Bf2 h4 73.Bxh4+  1/2-1/2

[Event "Grand Open Blagoevgrad 2013"]
[Site "Blagoevgrad BUL"]
[Date "2013.09.28"]
[Round "1.11"]
[White "Lazov,Stefan"]
[Black "Cvetkovic,Sr"]
[Result "0-1"]
[WhiteElo "1828"]
[BlackElo "2360"]

1.Nf3 d5 2.g3 Nf6 3.Bg2 c6 4.O-O Bf5 5.d3 h6 6.c4 e6 7.cxd5 exd5 8.Qb3 Qb6
9.Nbd2 Bc5 10.Qxb6 axb6 11.a3 O-O 12.Rb1 Re8 13.b4 Bd6 14.Re1 Nbd7 15.Bb2 c5
16.bxc5 bxc5 17.Bxf6 Nxf6 18.Rxb7 Rxa3 19.Rb6 Bc7 20.Rc6 Ba5 21.Rxc5 Ra2
22.Rd1 Rxe2 23.Nd4 Rexd2 24.Rxd2 Ra1+ 25.Bf1 Bh3 26.Rc8+ Kh7  0-1

[Event "12th Forchheim Open A 2013"]
[Site "Forchheim GER"]
[Date "2013.09.28"]
[Round "3.22"]
[White "Wunder,S"]
[Black "Feldheim,Jonas"]
[Result "0-1"]
[WhiteElo "2147"]
[BlackElo "2009"]

1.Nf3 d5 2.g3 Nf6 3.Bg2 c6 4.b3 g6 5.Bb2 Bg7 6.O-O O-O 7.d3 Nbd7 8.Nbd2 b6
9.c4 Bb7 10.Rc1 Re8 11.cxd5 cxd5 12.Qc2 Rc8 13.Qb1 e5 14.Rxc8 Qxc8 15.Rc1 Qb8
16.Qa1 d4 17.b4 Nd5 18.a3 Rc8 19.Rxc8+ Qxc8 20.Nc4 Qc7 21.Bh3 f6 22.Qa2 Kh8
23.Qb3 Bf8 24.Bg2 Ba8 25.Nfd2 b5 26.Na5 N7b6 27.Ne4 Kg7 28.h4 Be7 29.Bf3 Qc8
30.Kh2 h6 31.Qd1 Na4 32.Bc1 f5 33.Nd2 Nac3 34.Qc2 g5 35.hxg5 hxg5 36.Ndb3 g4
37.Bg2 f4 38.gxf4 exf4 39.Nxd4 g3+ 40.fxg3 fxg3+ 41.Kg1 Nxe2+ 42.Qxe2 Qxc1+
43.Bf1 Ne3 44.Nab3 Qxf1+ 45.Qxf1 Nxf1 46.Nf5+ Kf6 47.Nxe7 g2 48.Nc8 Ng3 49.Nc1 a6
50.d4 Nh5 51.Nd3 Kf5 52.d5 Bxd5 53.Ne7+ Ke6 54.Nxd5 Kxd5 55.Kxg2 Kc4 56.Nc5 a5
57.Na6 a4 58.Nc7 Nf4+ 59.Kf3 Nd5 60.Ne6 Nxb4 61.axb4 Kxb4 62.Nd4 Kc4 63.Ke3 b4
64.Nc2 b3 65.Kd2 b2 66.Na3+ Kb3 67.Nb1 a3  0-1

[Event "12th Forchheim Open A 2013"]
[Site "Forchheim GER"]
[Date "2013.09.28"]
[Round "3.20"]
[White "Barnickel,J"]
[Black "Fischer,G1"]
[Result "1-0"]
[WhiteElo "2054"]
[BlackElo "2159"]

1.Nf3 d5 2.g3 c5 3.Bg2 Nc6 4.O-O e5 5.d3 Be7 6.c4 Nf6 7.cxd5 Nxd5 8.Nc3 Be6
9.Nxd5 Bxd5 10.Be3 O-O 11.a3 Rc8 12.b4 cxb4 13.axb4 Bxb4 14.Bxa7 Bc3 15.Ra3 Nxa7
16.Rxa7 Qb6 17.Qa4 h6 18.Nh4 Bxg2 19.Kxg2 Bd4 20.Ra5 Rfd8 21.Nf3 Bc3 22.Rb5 Qc6
23.Qb3 Rc7 24.Rc1 Qd7 25.Rb1 Rb8 26.Nxe5 Qe8 27.Qd5 Rd8 28.Qe4 Rd4 29.Qf3 Re7
30.e3 Rd6 31.d4 f6 32.Nd3 Qg6 33.Nf4 Qc2 34.Rxb7 Red7 35.Rxd7 Rxd7 36.Rb8+ Kh7
37.Nd5 Be1 38.e4 Rf7 39.Qf5+ g6 40.Nxf6+ Kg7 41.Rg8+  1-0

[Event "TCh-Moscow GpA 2013"]
[Site "Moscow RUS"]
[Date "2013.09.28"]
[Round "5.4"]
[White "Harutjunyan,G"]
[Black "Gorbatov,A"]
[Result "1-0"]
[WhiteElo "2458"]
[BlackElo "2360"]

1.Nf3 d5 2.g3 c6 3.Bg2 Bg4 4.d3 Nd7 5.Nbd2 e6 6.c4 Ngf6 7.O-O Be7 8.a3 a5
9.b3 O-O 10.Bb2 Re8 11.Qc2 Bf8 12.Rac1 h6 13.e4 dxe4 14.dxe4 e5 15.h3 Bxf3
16.Nxf3 Bc5 17.Rfd1 Qc7 18.Rd2 Nf8 19.Rcd1 Ng6 20.h4 Qe7 21.Ra1 Rad8 22.Rxd8 Rxd8
23.Bh3 Qd6 24.Kg2 Qd3 25.Qxd3 Rxd3 26.b4 Rb3 27.Bc1 Bd4 28.Nd2 Rc3 29.bxa5 Rc2
30.Rb1 Bc3 31.Rxb7 Bxa5 32.Rb8+ Kh7 33.Nb3 Be1 34.Be3 Bxf2 35.Bxf2 Nxe4 36.Kf3 Nxf2
37.Bf5 e4+ 38.Ke3 h5 39.a4 Ng4+ 40.Kd4 Nf6 41.a5 e3 42.Nc5 e2 43.Rb1 Ra2
44.a6 Kh6 45.Re1 Nf8 46.Bd3 Ne6+ 47.Nxe6 fxe6 48.c5 Ra4+ 49.Ke5 Nd7+ 50.Kd6 Rd4+
51.Kxc6 Ne5+ 52.Kb5 Nxd3 53.Rxe2 Rb4+ 54.Ka5 Rb1 55.Rxe6+ Kh7 56.Rb6 Ra1+
57.Kb5 Ne5 58.c6 Rb1+ 59.Kc5 Rc1+ 60.Kd5 Nc4 61.Rb5  1-0

[Event "St Petersburg Rapid Cup 2013"]
[Site "St Petersburg RUS"]
[Date "2013.09.28"]
[Round "2.1"]
[White "Polyaninov,A"]
[Black "Popov,Val"]
[Result "0-1"]
[WhiteElo "2310"]
[BlackElo "2548"]

1.Nf3 d5 2.g3 c5 3.Bg2 Nc6 4.d4 e6 5.O-O Qb6 6.c4 cxd4 7.cxd5 exd5 8.Nbd2 g6
9.Nb3 Bg7 10.e3 dxe3 11.Bxe3 Qd8 12.Nfd4 Nge7 13.Re1 O-O 14.Rc1 Re8 15.Nxc6 bxc6
16.Nd4 Bd7 17.Qd2 Rc8 18.Nb3 Nf5 19.Bxa7 Ra8 20.Rxe8+ Bxe8 21.Bc5 Rxa2 22.Ba3 Bh6
23.f4 Qb6+ 24.Nc5 Bg7 25.Kh1 Bxb2 26.Re1 Rxa3 27.Rxe8+ Kg7 28.Bh3 Bc3 29.Qf2 Bd4
30.Ne6+ fxe6 31.Qe2 Rxg3 32.Bxf5 Rg1+  0-1

[Event "4th Biella Open A 2013"]
[Site "Biella ITA"]
[Date "2013.09.29"]
[Round "4.3"]
[White "Valsecchi,A"]
[Black "Vezzosi,P"]
[Result "1-0"]
[WhiteElo "2427"]
[BlackElo "2271"]

1.Nf3 d5 2.g3 c6 3.c4 Nf6 4.Bg2 g6 5.b3 Bg7 6.Bb2 O-O 7.O-O Bg4 8.d3 Qc8
9.Nbd2 Bh3 10.Rc1 Bxg2 11.Kxg2 Rd8 12.cxd5 Rxd5 13.h3 Na6 14.Nc4 Nc7 15.b4 Ne6
16.Qb3 Nh5 17.e3 Bxb2 18.Nxb2 Qd7 19.a4 b5 20.d4 bxa4 21.Nxa4 Rb5 22.Nc5 Nxc5
23.Rxc5 Qb7 24.Ne5 e6 25.Qd1 Rxb4 26.Qf3 Kg7 27.Rfc1 a5 28.Rxc6 Ra7 29.g4 Nf6
30.g5 Ng8 31.Ng4 Rb5 32.h4 a4 33.e4 Rb1 34.Qf6+  1-0

[Event "Grand Open Blagoevgrad 2013"]
[Site "Blagoevgrad BUL"]
[Date "2013.09.29"]
[Round "3.22"]
[White "Lazov,Stefan"]
[Black "Orev,P"]
[Result "1/2-1/2"]
[WhiteElo "1828"]
[BlackElo "2150"]

1.Nf3 d5 2.g3 c5 3.Bg2 Nc6 4.O-O e5 5.d3 Bd6 6.Nbd2 Nge7 7.e4 d4 8.a4 O-O
9.Nc4 Bc7 10.Nfd2 f6 11.f4 Be6 12.f5 Bf7 13.g4 Nc8 14.Rf2 Nd6 15.Nxd6 Qxd6
16.Bf1 a6 17.Rg2 Bd8  1/2-1/2

[Event "39th National ch-BAN"]
[Site "Dhaka BAN"]
[Date "2013.09.29"]
[Round "8.3"]
[White "Rahman,Zia"]
[Black "Hasan,Me"]
[Result "0-1"]
[WhiteElo "2477"]
[BlackElo "2240"]

1.Nf3 d5 2.g3 Nf6 3.Bg2 c6 4.O-O Bg4 5.c4 e6 6.d3 Nbd7 7.cxd5 cxd5 8.Nc3 Be7
9.Qb3 O-O 10.Be3 Bxf3 11.exf3 Nc5 12.Bxc5 Bxc5 13.Qxb7 Rb8 14.Qa6 Nd7 15.Rab1 Rb4
16.Ne2 Qf6 17.b3 Qe5 18.Rfe1 Qc7 19.Rbc1 Nb8 20.Qa3 Qb6 21.Rf1 a5 22.Rc2 Na6
23.Nc3 Bd4 24.Na4 Qb5 25.Rfc1 h5 26.Bf1 h4 27.Rc8 hxg3 28.hxg3 g6 29.Rxf8+ Kxf8
30.Rc2 Kg7 31.Kg2 Qd7 32.Qc1 Rb8 33.Qd2 Nb4 34.Rc1 Rh8 35.a3 Nc6 36.Qc2 e5
37.Kg1 Qf5 38.Bg2 Qg5 39.Kf1 Ne7 40.f4 exf4 41.Qd2 Qf5 42.Qxf4 Qxd3+ 43.Kg1 Nf5
44.Qf3 Qd2 45.Rb1 Rc8 46.Bh3 Rc2 47.Bxf5 Bxf2+ 48.Kf1 gxf5 49.Rd1 Qh6 50.Qg2  0-1

[Event "Oslo Int Open 2013"]
[Site "Oslo NOR"]
[Date "2013.09.29"]
[Round "6"]
[White "Merkesvik,Sondre"]
[Black "Mikalsen,E"]
[Result "0-1"]
[WhiteElo "2055"]
[BlackElo "2145"]

1.Nf3 d5 2.g3 Nf6 3.d4 b5 4.Bg2 e6 5.O-O Bb7 6.c3 Nbd7 7.Nbd2 a5 8.Re1 Be7
9.e4 Nxe4 10.Nxe4 dxe4 11.Nd2 Nf6 12.Nxe4 Bxe4 13.Bxe4 Nxe4 14.Rxe4 O-O 15.Bf4 c6
16.b3 a4 17.Re1 Qd5 18.Rc1 axb3 19.axb3 Bf6 20.h4 Ra3 21.Rb1 b4 22.Be5 bxc3
23.Bxf6 gxf6 24.Qg4+ Kh8 25.Qf4 f5 26.Qh6 Qd8 27.Qc1 Ra2 28.Qxc3 Qf6 29.Ra1 Rxa1
30.Qxa1 f4 31.Qc3 Rg8 32.Kg2 Rg4 33.Qf3 Qxh4 34.Re4 Qg5 35.b4 h5 36.Rxf4 Rxf4
37.Qxf4 Qxf4 38.gxf4 Kg7 39.f5 Kf6 40.fxe6 Kxe6 41.Kg3 Kd5 42.Kh4 Kxd4 43.Kxh5 Kc4
44.f4 Kxb4 45.f5 c5 46.f6 c4 47.Kh6 c3 48.Kg7 c2 49.Kxf7 c1=Q 50.Kg6 Qg1+  0-1

[Event "23rd EYCC Open U18 2013"]
[Site "Budva MNE"]
[Date "2013.09.30"]
[Round "2.23"]
[White "Silva,Luis"]
[Black "Ebralidze,A"]
[Result "1/2-1/2"]
[WhiteElo "2281"]
[BlackElo "2036"]

1.Nf3 d5 2.g3 Nf6 3.Bg2 c5 4.O-O Nc6 5.d4 e6 6.c4 dxc4 7.dxc5 Qxd1 8.Rxd1 Bxc5
9.Nbd2 O-O 10.Nxc4 Ng4 11.e3 Rb8 12.h3 b5 13.Ncd2 Nge5 14.Ne4 Be7 15.Nxe5 Nxe5
16.b3 f5 17.Bb2 Nf7  1/2-1/2

[Event "Oslo Int Open 2013"]
[Site "Oslo NOR"]
[Date "2013.09.30"]
[Round "2"]
[White "Lie,Es"]
[Black "Mirzoeva,E"]
[Result "1/2-1/2"]
[WhiteElo "2455"]
[BlackElo "2215"]

1.Nf3 d5 2.g3 Nf6 3.Bg2 c6 4.O-O Bf5 5.d4 h6 6.c4 e6 7.Nc3 Nbd7 8.Qb3 Qb6
9.c5 Qa6 10.Bf4 b6 11.cxb6 axb6 12.Ne5 Nxe5 13.Bxe5 Be7 14.e4 dxe4 15.Bxf6 Bxf6
16.Nxe4 Bxe4 17.Bxe4 Rc8 18.Rac1 O-O 19.Bxc6 Bxd4 20.Rc4 Bc5 21.Rxc5 bxc5
22.Bb7 Qa5 23.Bxc8 Rxc8 24.Rd1 Qb4 25.Qxb4 cxb4 26.Rd2 Ra8 27.b3 g5 28.Kg2 Kg7
29.Kf3  1/2-1/2

[Event "Lichtenrader Herbst 2013"]
[Site "Berlin GER"]
[Date "2013.10.02"]
[Round "5.16"]
[White "Kul,I"]
[Black "Bruening,W"]
[Result "1-0"]
[WhiteElo "2123"]
[BlackElo "1939"]

1.Nf3 d5 2.g3 e6 3.Bg2 Bd6 4.O-O f5 5.d3 Nf6 6.Nbd2 O-O 7.Re1 c6 8.e4 Be7
9.Qe2 fxe4 10.dxe4 Bc5 11.h3 Qb6 12.exd5 exd5 13.Nb3 Bd6 14.c4 Bf5 15.Be3 Qa6
16.Nfd4 Bd7 17.cxd5 Nxd5 18.Bxd5+ cxd5 19.Qh5 Bb4 20.Qxd5+ Rf7 21.Bd2 Bxd2
22.Nxd2 Nc6 23.Ne4 Nxd4 24.Qxd4 Bxh3 25.Ng5 Rd7 26.Qe4 Qh6 27.Qe8+  1-0

[Event "Tatry Open 2013"]
[Site "Tatranske Zruby SVK"]
[Date "2013.10.02"]
[Round "5.15"]
[White "Kopnicka,Henrieta"]
[Black "Bombek,P"]
[Result "0-1"]
[WhiteElo "1763"]
[BlackElo "2219"]

1.Nf3 d5 2.g3 Nf6 3.Bg2 c5 4.O-O Nc6 5.d3 e5 6.Nbd2 Be7 7.c4 O-O 8.cxd5 Nxd5
9.a3 Be6 10.Nc4 Bf6 11.Qc2 Rc8 12.Ne3 Nd4 13.Qd1 h6 14.Rb1 Re8 15.Nxd5 Bxd5
16.Nxd4 exd4 17.b4 Bxg2 18.Kxg2 Qd5+ 19.Kg1 c4 20.dxc4 Qxc4 21.Re1 Rc6 22.Rb3 Qb5
23.e3 Rec8 24.Bb2 dxe3 25.Rbxe3 Bxb2 26.Re8+ Rxe8 27.Rxe8+ Kh7 28.Qb1+ Rg6  0-1

[Event "Lichtenrader Herbst 2013"]
[Site "Berlin GER"]
[Date "2013.10.03"]
[Round "6.3"]
[White "Gutman,L"]
[Black "Collins,S IRL"]
[Result "1/2-1/2"]
[WhiteElo "2432"]
[BlackElo "2475"]

1.Nf3 d5 2.g3 c6 3.Bg2 Bg4 4.O-O Nd7 5.d4 e6 6.c4 Ngf6 7.Ne5 Bf5 8.Nc3 Be7
9.Qb3 Qb6 10.Nxd7 Nxd7 11.e4 dxe4 12.Nxe4 O-O 13.Be3 Nf6 14.Nc5 Bxc5 15.dxc5 Qxb3
16.axb3 Rfd8 17.h3 Be4 18.b4 Bxg2 19.Kxg2 a6 20.Rfd1 Kf8 21.Rxd8+ Rxd8 22.b5 axb5
23.cxb5 cxb5 24.Ra7 Nd5 25.Kf3 Nxe3 26.Kxe3 b6 27.cxb6 Rb8 28.Kd4 Rxb6 29.Kc5 Rb8
30.b4 g5 31.Ra5 Ke7 32.Rxb5 Rc8+  1/2-1/2

[Event "Lichtenrader Herbst 2013"]
[Site "Berlin GER"]
[Date "2013.10.03"]
[Round "6.14"]
[White "Schnoor,E"]
[Black "Lerch,Ph"]
[Result "0-1"]
[WhiteElo "2091"]
[BlackElo "2163"]

1.Nf3 d5 2.g3 c6 3.Bg2 Bg4 4.O-O Nd7 5.d3 Ngf6 6.Nbd2 e6 7.h3 Bh5 8.e4 dxe4
9.dxe4 Bxf3 10.Qxf3 Bc5 11.Qe2 Qc7 12.Kh1 e5 13.Nc4 O-O 14.Ne3 Rfe8 15.Nf5 Bf8
16.Bg5 h6 17.Bd2 Nc5 18.Rad1 Rad8 19.h4 Kh7 20.b4 Ne6 21.c3 a5 22.a3 axb4
23.axb4 Ra8 24.Ra1 Red8 25.Rfd1 b5 26.Bf3 Qb7 27.Ne3 Bxb4 28.Rab1 Bf8 29.Ng4 Nxg4
30.Bxg4 Ra2 31.Bf5+ Kg8 32.Bxe6 fxe6 33.Qe1 Qf7 34.Kg2 Qg6 35.Ra1 Rb2 36.Rab1 Rbxd2  0-1

[Event "23rd EYCC Open U16 2013"]
[Site "Budva MNE"]
[Date "2013.10.03"]
[Round "5.20"]
[White "Dastan,B"]
[Black "Sirosh,Ilja"]
[Result "1-0"]
[WhiteElo "2455"]
[BlackElo "2103"]

1.Nf3 d5 2.g3 Nf6 3.Bg2 g6 4.c4 dxc4 5.Qa4+ Nfd7 6.Qxc4 Bg7 7.O-O O-O 8.d3 Nb6
9.Qh4 e5 10.Qxd8 Rxd8 11.Nc3 c6 12.Rb1 Nd5 13.Bd2 h6 14.Rfc1 Be6 15.Ne1 Na6
16.Nc2 Ndb4 17.Nxb4 Nxb4 18.a3 Nd5 19.Na4 Bf8 20.b4 a6 21.Nc5 Bc8 22.Nb3 Be6
23.Na5 Rab8 24.Rc2 Nc7 25.a4 Bd5 26.e4 Be6 27.Bf1 f6 28.Be3 Rd7 29.f4 Kg7
30.Ba7 Ra8 31.Bc5 Ne8 32.fxe5 fxe5 33.Bxf8+ Kxf8 34.Rc5 Ke7 35.Rxe5 Ng7 36.Rc5 Bg4
37.Nc4 Ne6 38.Ne5 Nxc5 39.bxc5 Rd4 40.Nxg4 Rxa4 41.Rxb7+ Ke6 42.Rc7 Ra1 43.Rxc6+ Ke7
44.Ne3 a5 45.Nd5+ Kf7 46.e5 a4 47.e6+ Kg7 48.Rc7+  1-0

[Event "Tatry Open 2013"]
[Site "Tatranske Zruby SVK"]
[Date "2013.10.03"]
[Round "6.18"]
[White "Demeter,P"]
[Black "Belunek,V"]
[Result "1/2-1/2"]
[WhiteElo "2143"]
[BlackElo "2256"]

1.Nf3 d5 2.g3 c6 3.Bg2 Nf6 4.d3 Bg4 5.Nbd2 Nbd7 6.h3 Bh5 7.c4 e6 8.cxd5 exd5
9.O-O Bc5 10.Nb3 Bb6 11.a4 a5 12.Nbd4 O-O 13.Bf4 Bg6 14.Re1 Re8 15.g4 h5
16.g5 Nh7 17.h4 Nhf8 18.Bh3 Ne6 19.Nxe6 fxe6 20.d4 Bc7 21.e3 Re7 22.Ra3 Qb8
23.Rb3 Kh7 24.Bxc7 Qxc7 25.Nd2 Rf8 26.f4 c5 27.Nf3 c4 28.Rc3 Qb6 29.Re2 Be4
30.Nd2 Bf5 31.Bxf5+ exf5 32.Nf3 g6 33.Ne5 Qb4 34.Qc2 Nb6 35.Ra3  1/2-1/2

[Event "Lichtenrader Herbst 2013"]
[Site "Berlin GER"]
[Date "2013.10.04"]
[Round "7.14"]
[White "Lagunow,Raphael"]
[Black "Jahnz,F"]
[Result "1/2-1/2"]
[WhiteElo "1969"]
[BlackElo "2226"]

1.Nf3 d5 2.g3 Bg4 3.Bg2 Nd7 4.c4 e6 5.cxd5 exd5 6.Nc3 c6 7.O-O Ngf6 8.d3 Bc5
9.Qb3 Nb6 10.a4 a5 11.h3 Bh5 12.e4 O-O 13.Bf4 Re8 14.Rfe1 Bb4 15.Red1 Qc8
16.g4 dxe4 17.dxe4 Bg6 18.Ne5 Qe6 19.Qxe6 Rxe6 20.f3 Ne8 21.Bf1 Bd6 22.Nxg6 hxg6
23.Be3 Bc7 24.Kf2 Rd6 25.b3 Rad8 26.f4 f6 27.Be2 Rxd1 28.Rxd1 Rxd1 29.Bxd1 Kf7
30.Bf3 Nd7 31.Ke2 Bb6 32.Bxb6 Nxb6 33.Kd3 Nd7 34.h4 Nc7 35.g5 b6 36.Kc4 Ne6
37.Bg4 Ke7 38.Bxe6 Kxe6 39.Ne2 Nc5 40.Nd4+ Kd7 41.gxf6  1/2-1/2

[Event "TCh-AUT 2nd Mitte 2013-14"]
[Site "Fuerstenfeld AUT"]
[Date "2013.10.04"]
[Round "1.5"]
[White "Sandner,W"]
[Black "Teuschler,H"]
[Result "1-0"]
[WhiteElo "2217"]
[BlackElo "2034"]

1.Nf3 d5 2.g3 Nf6 3.Bg2 e6 4.d3 Be7 5.O-O O-O 6.Nbd2 c5 7.e4 Nc6 8.Re1 d4
9.e5 Nd5 10.Ne4 h6 11.c4 dxc3 12.bxc3 Rb8 13.a3 Bd7 14.c4 Nc7 15.Be3 b6 16.Qd2 Na5
17.Qc2 Bc6 18.Bd2 Ba8 19.h4 Nc6 20.Bf4 Ne8 21.Nh2 Nd4 22.Qd1 Nf5 23.Bh3 Rc8
24.Qe2 Kh7 25.Qh5 Qd7 26.Rad1 Kh8 27.Nf1 g6 28.Qg4 h5 29.Qf3 Nd4 30.Qg2 Ng7
31.Ne3 Qd8 32.Qh1 Kh7 33.Bg2 Ndf5 34.Ng5+ Bxg5 35.Bxg5 Bxg2 36.Qxg2 Qd7 37.Qf3 Qc6
38.Qxc6 Rxc6 39.Kg2 Rc7 40.Rd2 Rd7 41.Nd1 Rc8 42.Nc3 Rc6 43.Ne4 Ne8 44.f3 Rb7
45.g4 Nfg7 46.Rb1 Rd7 47.Kf2 Rb7 48.Ke2 Rd7 49.a4 Kg8 50.Rdb2 Kf8 51.Ra2 Rcc7
52.a5 Rc6 53.axb6 axb6 54.Ra8 Rb7 55.Bf6  1-0

[Event "Lichtenrader Herbst 2013"]
[Site "Berlin GER"]
[Date "2013.10.05"]
[Round "8.5"]
[White "Gutman,L"]
[Black "Stern,R"]
[Result "0-1"]
[WhiteElo "2432"]
[BlackElo "2509"]

1.Nf3 d5 2.g3 Nf6 3.Bg2 e6 4.O-O Be7 5.d4 O-O 6.c4 dxc4 7.Ne5 c5 8.dxc5 Qc7
9.Nxc4 Qxc5 10.b3 Rd8 11.Nbd2 Qc7 12.Bb2 Nc6 13.Rc1 Bd7 14.Qc2 Be8 15.Nf3 Rac8
16.Qb1 b5 17.Nce5 Qb6 18.e3 h6 19.Rc2 Nb4 20.Rxc8 Rxc8 21.a3 Nbd5 22.Rc1 Qb8
23.Ne1 Rxc1 24.Qxc1 Bxa3 25.Bxa3 Qxe5 26.Bb2 Qb8 27.e4 Nb4 28.Bxf6 gxf6 29.Qxh6 Qe5
30.Nf3 Qa1+ 31.Bf1 Nc6 32.Kg2 Ne7 33.Qe3 Bc6 34.Be2 Qb2 35.Kh3 e5 36.Nd2 a5
37.Qh6 Qd4 38.Qxf6 Qxd2 39.Bh5 Qd7+ 40.Bg4 Qe8 41.Bf5 a4 42.bxa4 bxa4 43.Qg5+ Ng6
44.Qc1 Bd7 45.Kg4 Qc8 46.Qa3 Bxf5+ 47.exf5 Qc4+ 48.Kg5 Nf8 49.Qe7 Nh7+ 50.Kh5 Kg7  0-1

[Event "63rd ch-RUS w 2013"]
[Site "Nizhny Novgorod RUS"]
[Date "2013.10.05"]
[Round "1.2"]
[White "Gunina,V"]
[Black "Goryachkina,A"]
[Result "1-0"]
[WhiteElo "2506"]
[BlackElo "2436"]

1.Nf3 d5 2.g3 c6 3.Bg2 Bg4 4.c4 Nd7 5.cxd5 cxd5 6.Qa4 Nf6 7.O-O e6 8.d3 Bd6
9.Nc3 O-O 10.Be3 a6 11.Rac1 Qe7 12.a3 Rac8 13.Nd2 Rc7 14.Bg5 Bh5 15.e4 b5
16.Qa5 Ne5 17.d4 Nc6 18.Qxa6 Nxd4 19.exd5 Rxc3 20.Rxc3 Ne2+ 21.Kh1 Nxc3 22.Bxf6 Qxf6
23.bxc3 exd5 24.Qxb5 Bxa3 25.Qxd5 Bg6 26.Qa5 Bb2 27.c4 Bd3 28.Ne4 Qe7 29.Re1 Bxc4
30.Nc5 Qg5 31.Qb4 Bd5 32.Be4 Bf6 33.Nd7 Rd8 34.h4 Qg4 35.Nxf6+ gxf6 36.Kh2 Bxe4
37.Rxe4 Qd1 38.Rg4+ Kh8 39.Qe7 Qxg4 40.Qxf6+ Kg8 41.Qxd8+ Kg7 42.Qg5+ Qxg5
43.hxg5 Kg6 44.f4 h6 45.gxh6 Kxh6 46.g4 Kg6 47.Kg3 Kf6 48.Kf3 Ke6 49.Ke3 f6
50.Ke2 Kd5 51.Kd3 Ke6 52.Kc4 Kd6 53.Kd4 Kd7 54.Kc5 Kc7 55.Kd5  1-0

[Event "23rd EYCC Open U18 2013"]
[Site "Budva MNE"]
[Date "2013.10.06"]
[Round "7.2"]
[White "Grigoryan,K2"]
[Black "Sanzhaev,D"]
[Result "1-0"]
[WhiteElo "2563"]
[BlackElo "2381"]

1.Nf3 d5 2.g3 c6 3.Bg2 Bg4 4.O-O Nd7 5.d4 Ngf6 6.Nbd2 e6 7.Re1 Be7 8.e4 O-O
9.e5 Ne8 10.c3 c5 11.dxc5 Nxc5 12.Nb3 Nc7 13.Nbd4 Rc8 14.h3 Bh5 15.Ne2 g5
16.Be3 h6 17.Nh2 Nd7 18.f4 f6 19.exf6 Bxf6 20.Qd2 Qe7 21.Nd4 Nc5 22.Ng4 Bxg4
23.hxg4 Qh7 24.f5 e5 25.Nb3 Na4 26.Bxd5+ Nxd5 27.Qxd5+ Qf7 28.Qxf7+ Rxf7
29.Rab1 Rc4 30.Kg2 Rxg4 31.Nd2 e4 32.Nf1 Be5 33.Bd4 Bxd4 34.cxd4 e3 35.d5 Rb4
36.Nxe3 Rxb2+ 37.Rxb2 Nxb2 38.Ng4 Kf8 39.Ne5 Rc7 40.d6 Rc2+ 41.Kf3 Rd2 42.Re2 Rd5
43.Ke4 Na4 44.Kxd5 Nc3+ 45.Ke6 Nxe2 46.d7 Nd4+ 47.Kf6  1-0

[Event "23rd EYCC Open U18 2013"]
[Site "Budva MNE"]
[Date "2013.10.06"]
[Round "7.6"]
[White "Doros,R"]
[Black "Kadric,D"]
[Result "0-1"]
[WhiteElo "2334"]
[BlackElo "2470"]

1.Nf3 d5 2.g3 g6 3.Bg2 Bg7 4.O-O e5 5.d3 Ne7 6.c4 c6 7.Nbd2 O-O 8.Rb1 h6
9.b4 Be6 10.Qc2 Nd7 11.e4 f5 12.exf5 gxf5 13.Bb2 Ng6 14.Rfe1 Re8 15.Nb3 dxc4
16.dxc4 Qe7 17.a3 Qf7 18.Na5 e4 19.Nd4 Nde5 20.Bf1 Rad8 21.Kh1 Nd3 22.Bxd3 exd3
23.Qxd3 Ne5 24.Qc2 Bxc4 25.Nxc4 Nxc4 26.Nxf5 Nxb2 27.Rxe8+ Rxe8 28.Nxg7 Qf3+
29.Kg1 Re2  0-1

[Event "Frauenbundesliga 2013-14"]
[Site "Germany GER"]
[Date "2013.10.06"]
[Round "2.1"]
[White "Toma,K"]
[Black "Worek,J"]
[Result "0-1"]
[WhiteElo "2286"]
[BlackElo "2329"]

1.Nf3 d5 2.g3 Nf6 3.Bg2 c5 4.O-O Nc6 5.d4 Bg4 6.dxc5 e6 7.c4 Bxc5 8.Nc3 d4
9.Ne4 Be7 10.Bf4 O-O 11.Ne5 Nxe5 12.Bxe5 Qa5 13.Bxd4 Rad8 14.Bc3 Qh5 15.Qb3 Bxe2
16.Rfe1 b5 17.cxb5 Qxb5 18.Bxf6 Bxf6 19.Nc3 Qxb3 20.axb3 Bh5 21.Rxa7 Rd2
22.Ne4 Rxb2 23.Ra5 Bg6 24.Nxf6+ gxf6 25.Be4 Rxb3 26.Bxg6 hxg6 27.Ra7 Rfb8
28.Kg2 Rb1 29.Re3 R8b7 30.Rxb7 Rxb7 31.h4 f5 32.Kf3 Rb4 33.Ra3 Kg7 34.Rc3 Kf6
35.Ra3 g5 36.hxg5+ Kxg5 37.Re3 Rc4 38.Ra3 e5 39.Ra5 Rc3+ 40.Kg2 e4 41.Ra7 Rc2
42.Kg1 Kg6 43.Rb7 f6 44.Rd7 Rc4 45.Rd6 f4 46.gxf4 Kf5 47.Ra6 Kg4 48.Kg2 f5
49.Re6 Kxf4 50.Re8 Rc6 51.Rf8 Rd6 52.Ra8 Rg6+ 53.Kf1 Kg4 54.Ke2 Rb6 55.Rg8+ Kf4
56.Rg3 Rb2+ 57.Kf1 Rd2 58.Rg8 e3 59.fxe3+ Kf3 60.Ke1 Re2+ 61.Kf1 Rxe3 62.Rh8 f4
63.Rh3+ Ke4 64.Rh8 Ra3 65.Kf2 Ra2+ 66.Kf1 Ke3 67.Rf8 Kf3 68.Kg1 Ra1+ 69.Kh2 Ra7
70.Rb8 Ra2+ 71.Kg1 Ra1+ 72.Kh2 Re1 73.Rb3+ Kf2 74.Rb8 f3 75.Kh3 Rh1+ 76.Kg4 Kg2
77.Rb3 f2 78.Rg3+ Kf1 79.Ra3 Rh8 80.Ra1+ Kg2 81.Ra2 Kg1  0-1